| 000 | 01320nam a2200289uu 4500 | ||
|---|---|---|---|
| 001 | 1565243 | ||
| 005 | 20240907092605.0 | ||
| 008 | 211202s1985 spa | ||
| 035 | _a1565243 | ||
| 040 |
_erda _ccomduadb |
||
| 041 | _aspa | ||
| 100 | 1 | 0 |
_aFalcón Martínez, Constantino _4cre _ecre _9495879 |
| 245 | 1 | 0 | _aDiccionario de la mitología clásica. 2 |
| 250 | _aCuarta edición | ||
| 260 |
_aMadrid : _bAlianza Editorial, _c1985. |
||
| 336 |
_atexto _btxt _0(uri)http://www.rdaregistry.info/termList/RDAContentType/#1020 _2rdacontent |
||
| 337 |
_ano mediado _bn _0(uri)http://www.rdaregistry.info/termList/RDAMediaType/#1007 _2rdamedia |
||
| 338 |
_avolumen _bnc _0(uri)http://www.rdaregistry.info/termList/RDACarrierType/#1049 _2rdacarrier |
||
| 490 | 0 | _aEl Libro de Bolsillo | |
| 500 | _aBIBLIOTECA CARLOS GAVIRIA DÍAZ : AUTÓGRAFO: texto autografiado por Carlos Gaviria Díaz en la anteportada, ANOTACIONES : Texto con ideas resaltadas, con algunas sugerencias y anotaciones en las páginas. . | ||
| 650 | 7 |
_aAntropología cultural _2lemb _943524 |
|
| 650 |
_aMitología clásica - Diccionarios _9151522 |
||
| 650 |
_aFondo Carlos Gaviria Díaz _9161523 |
||
| 700 | 1 | 0 |
_aFernández Galiano, Emilio, _d1946- _4cre _ecre _9267657 |
| 700 | 1 | 0 |
_aLópez Melero, Raquel _4cre _ecre _9551477 |
| 942 |
_cBOOK _n0 |
||
| 999 |
_c831712 _d831712 |
||